<?xml version="1.0" encoding="UTF-8"?><?xml-stylesheet type="text/xsl" href="static/style.xsl"?><OAI-PMH xmlns="http://www.openarchives.org/OAI/2.0/" xmlns:xsi="http://www.w3.org/2001/XMLSchema-instance" xsi:schemaLocation="http://www.openarchives.org/OAI/2.0/ http://www.openarchives.org/OAI/2.0/OAI-PMH.xsd"><responseDate>2026-05-11T16:05:42Z</responseDate><request verb="GetRecord" identifier="oai:riubu.ubu.es:10259/8824" metadataPrefix="marc">https://riubu.ubu.es/oai/request</request><GetRecord><record><header><identifier>oai:riubu.ubu.es:10259/8824</identifier><datestamp>2024-03-15T01:05:23Z</datestamp><setSpec>com_10259_4839</setSpec><setSpec>com_10259_5086</setSpec><setSpec>com_10259_2604</setSpec><setSpec>com_10259_7328</setSpec><setSpec>com_10259_3989</setSpec><setSpec>com_10259.4_106</setSpec><setSpec>com_10259_4219</setSpec><setSpec>col_10259_4840</setSpec><setSpec>col_10259_7329</setSpec><setSpec>col_10259_4220</setSpec></header><metadata><record xmlns="http://www.loc.gov/MARC21/slim" xmlns:doc="http://www.lyncode.com/xoai" xmlns:xsi="http://www.w3.org/2001/XMLSchema-instance" xmlns:dcterms="http://purl.org/dc/terms/" xsi:schemaLocation="http://www.loc.gov/MARC21/slim http://www.loc.gov/standards/marcxml/schema/MARC21slim.xsd">
<leader>00925njm 22002777a 4500</leader>
<datafield tag="042" ind1=" " ind2=" ">
<subfield code="a">dc</subfield>
</datafield>
<datafield tag="720" ind1=" " ind2=" ">
<subfield code="a">Simón Vicente, Lucía</subfield>
<subfield code="e">author</subfield>
</datafield>
<datafield tag="720" ind1=" " ind2=" ">
<subfield code="a">Rodríguez Cano, Sonia</subfield>
<subfield code="e">author</subfield>
</datafield>
<datafield tag="720" ind1=" " ind2=" ">
<subfield code="a">Delgado Benito, Vanesa</subfield>
<subfield code="e">author</subfield>
</datafield>
<datafield tag="720" ind1=" " ind2=" ">
<subfield code="a">Ausín Villaverde, Vanesa</subfield>
<subfield code="e">author</subfield>
</datafield>
<datafield tag="720" ind1=" " ind2=" ">
<subfield code="a">Cubo Delgado, Esther</subfield>
<subfield code="e">author</subfield>
</datafield>
<datafield tag="260" ind1=" " ind2=" ">
<subfield code="c">2022-07</subfield>
</datafield>
<datafield tag="520" ind1=" " ind2=" ">
<subfield code="a">Background: Virtual Reality (VR) uses computer technology to create a simulated environment.&#xd;
VR is a growing technology with promising extensive applications in different areas such as&#xd;
Medicine, entertainment, sports, gaming, and simulation. However, information about VR side&#xd;
effects is still limited. We aimed to identify the most frequent physical side effects caused by&#xd;
VR therapeutic applications.&#xd;
Methodology: All available full-text articles evaluating VR as a therapeutic intervention and&#xd;
side effects using the Simulator Sickness Questionnaire (SSQ) between 2016 and 2021 were&#xd;
consulted across 4 electronic (Entrez Pubmed, Scopus, Science Direct, and Wiley databases).&#xd;
The methodological quality was assessed using the PEDro scale.&#xd;
Results: Ten out of 55 reviewed articles (18%) met inclusion/exclusion criteria, including a&#xd;
sample of 416 patients, mean age of 24.54 (15—52.6) years old. According to the PEDro scale,&#xd;
two articles (20%) were considered good or excellent. Side effects were reported more frequently with head-mounted displays compared to desktop systems, especially disorientation,&#xd;
followed by nausea and oculomotor disturbances.&#xd;
Conclusions: Although VR might have positive effects as a therapeutic tool, VR can also cause&#xd;
side events. As in any othertherapeutic intervention, itis importantto understand the effectiveness and safety before planning a VR intervention using a well-designed scientific methodology.</subfield>
</datafield>
<datafield tag="520" ind1=" " ind2=" ">
<subfield code="a">Antecedentes: La Realidad Virtual (RV) proporciona un entorno simulado mediante el uso de&#xd;
tecnologías informáticas. Aunque la RV es una tecnología en expansión con aplicaciones prometedoras en diferentes áreas de la medicina, ocio, deportes, juegos y simulaciones, todavía&#xd;
existe poca información sobre su seguridad. El objetivo de este estudio es identificar los efectos&#xd;
secundarios más frecuentes provocados por las aplicaciones terapéuticas de la RV.&#xd;
Metodología: Se consultaron todos los artículos de texto completo disponibles que evaluaron&#xd;
la RV como intervención terapéutica y sus efectos secundarios utilizando el Simulator Sickness Questionnaire (SSQ), entre 2016 y 2021, en 4 bases electrónicas: Entrez Pubmed, Scopus,&#xd;
Science Direct y bases de datos Wiley. La calidad metodológica se evaluó usando la escala PEDro.&#xd;
Resultados: Diez de los 55 artículos revisados (18%) cumplieron con los criterios de&#xd;
inclusión/exclusión, incluyendo una muestra total de 416 pacientes, edad media de 24,54&#xd;
anos ˜ (15—52,6 anos). ˜ Dos artículos (20%) fueron considerados buenos o excelentes. Los efectos secundarios asociados a la RV más frecuentes fueron desorientación, náauseas y trastornos&#xd;
oculomotores, especialmente cuando se usaban con «head-mounted displays» comparados con&#xd;
las pantallas del ordenador/TV.&#xd;
Conclusiones: Aunque la RV se usa cada vez más en diferentes intervenciones terapéuticas, la&#xd;
RV puede producir efectos secundarios. Para planificar una intervención terapéutica a través&#xd;
de RV, es importante conocer su seguridad y eficacia a través de estudios con una metodología&#xd;
científica adecuada.</subfield>
</datafield>
<datafield tag="024" ind2=" " ind1="8">
<subfield code="a">0213-4853</subfield>
</datafield>
<datafield tag="024" ind2=" " ind1="8">
<subfield code="a">http://hdl.handle.net/10259/8824</subfield>
</datafield>
<datafield tag="024" ind2=" " ind1="8">
<subfield code="a">10.1016/j.nrl.2022.04.009</subfield>
</datafield>
<datafield ind1=" " ind2=" " tag="653">
<subfield code="a">Virtual reality</subfield>
</datafield>
<datafield ind1=" " ind2=" " tag="653">
<subfield code="a">Side effects</subfield>
</datafield>
<datafield ind1=" " ind2=" " tag="653">
<subfield code="a">Cybersickness</subfield>
</datafield>
<datafield ind1=" " ind2=" " tag="653">
<subfield code="a">Simulator Sickness</subfield>
</datafield>
<datafield ind1=" " ind2=" " tag="653">
<subfield code="a">Questionnaire</subfield>
</datafield>
<datafield ind1=" " ind2=" " tag="653">
<subfield code="a">Realidad virtual</subfield>
</datafield>
<datafield ind1=" " ind2=" " tag="653">
<subfield code="a">Efectos secundarios</subfield>
</datafield>
<datafield ind1=" " ind2=" " tag="653">
<subfield code="a">Ciberenfermedad</subfield>
</datafield>
<datafield ind1=" " ind2=" " tag="653">
<subfield code="a">Cuestionario</subfield>
</datafield>
<datafield tag="245" ind1="0" ind2="0">
<subfield code="a">Cybersickness. A systematic literature review of adverse effects related to virtual reality</subfield>
</datafield>
</record></metadata></record></GetRecord></OAI-PMH>